|
|
|
|
| LEADER |
00000nam0a2200000 4500 |
| 001 |
136438 |
| 005 |
20240914063123.0 |
| 010 |
|
|
|a 9785903354955
|
| 035 |
|
|
|a (RuTPU)RU\TPU\book\147873
|
| 090 |
|
|
|a 136438
|
| 100 |
|
|
|a 20080423d2007 m y0rusy50 ca
|
| 101 |
0 |
|
|a rus
|
| 102 |
|
|
|a RU
|
| 105 |
|
|
|a a z 000zd
|
| 200 |
1 |
|
|a Почувствовать себя русским
|f В. В. Богданов, С. В. Ларионов
|
| 210 |
|
|
|a СПб.
|c Алетейя
|d 2007
|
| 215 |
|
|
|a 400 с.
|c ил.
|
| 225 |
1 |
|
|a Левиафан: Государство. Общество. Личность
|
| 330 |
|
|
|a В книге поставлены вопросы, которые не могут не волновать нашего современника: куда должен смотреть наш двухглавый орел — на Восток или на Запад, какой помощи нам следует ожидать из-за границы, что значит для русского человека легенда о невидимом граде Китеже, почему так много великих ученых верило в существование Творца? Вопросы, на которые не может быть однозначных ответов. Но когда подрастающее поколение перестает задавать старикам вопросы на уже имеющиеся у тех ответы — цивилизация заканчивает свое существование.
|
| 600 |
|
0 |
|a Сократ
|c древнегреческий философ
|f около 470-399 до н.э.
|2 stltpush
|3 (RuTPU)RU\TPU\pers\432
|9 211
|
| 600 |
|
0 |
|a Диоген Синопский
|c древнегреческий философ-киник
|f около 400-около 323 до н.э.
|2 stltpush
|3 (RuTPU)RU\TPU\pers\148
|9 85
|
| 600 |
|
0 |
|a Пифагор Самосский
|c древнегреческий философ
|c математик
|c основатель пифагореизма
|f 6 в. до н.э.
|2 stltpush
|3 (RuTPU)RU\TPU\pers\371
|9 185
|
| 600 |
|
1 |
|a Гапон
|b Г. А.
|c русский священник
|c агент охранки
|f 1870-1906
|g Георгий Апполонович
|2 stltpush
|3 (RuTPU)RU\TPU\pers\12510
|9 3513
|
| 600 |
|
1 |
|a Чкалов
|b В. П.
|c российский летчик-испытатель, комбриг
|c Герой Советского Союза
|f 1904-1938
|g Валерий Павлович
|2 stltpush
|3 (RuTPU)RU\TPU\pers\20358
|9 8141
|
| 600 |
|
1 |
|a Шевченко
|g Тарас Григорьевич
|b Т. Г.
|c украинский поэт
|f 1814-1861
|c художник
|2 stltpush
|3 (RuTPU)RU\TPU\pers\1608
|
| 600 |
|
1 |
|a Гайдар
|b А. П.
|f 1904-1941
|g Аркадий Петрович
|c настоящая фамилия Голиков
|c русский писатель
|2 stltpush
|3 (RuTPU)RU\TPU\pers\3671
|
| 600 |
|
1 |
|a Шолохов
|g Михаил Александрович
|f 1905-1984
|b М. А.
|c русский писатель
|c академик АН СССР
|2 stltpush
|3 (RuTPU)RU\TPU\pers\495
|
| 600 |
|
0 |
|a Иван Васильевич Грозный
|d IV
|c Великий князь Московский из династии Рюриковичей
|f 1530-1584
|c Царь всея Руси
|2 stltpush
|3 (RuTPU)RU\TPU\pers\1414
|
| 600 |
|
1 |
|a Пушкин
|b А. С.
|c российский поэт
|c писатель
|f 1799-1837
|g Александр Сергеевич
|7 ca
|8 rus
|2 stltpush
|3 (RuTPU)RU\TPU\pers\1026
|9 453
|
| 610 |
1 |
|
|a Россия
|
| 610 |
1 |
|
|a русские
|
| 610 |
1 |
|
|a история
|
| 610 |
1 |
|
|a открытия
|
| 610 |
1 |
|
|a Кровавое воскресенье
|
| 610 |
1 |
|
|a Цусима
|
| 610 |
1 |
|
|a собор Покрова Богородицы
|
| 610 |
1 |
|
|a черносотенцы
|
| 610 |
1 |
|
|a скинхед
|
| 610 |
1 |
|
|a Хатынь
|
| 610 |
1 |
|
|a Куликовская битва
|
| 610 |
1 |
|
|a международные отношения
|
| 610 |
1 |
|
|a Китеж-град
|
| 610 |
1 |
|
|a культура
|
| 686 |
|
|
|a Т52(2=411.2)
|v LBC/SL-A
|2 rubbk
|
| 700 |
|
1 |
|a Богданов
|b В. В.
|g Валерий Владимирович
|
| 701 |
|
1 |
|a Ларионов
|b С. В.
|g Сергей Владимирович
|
| 801 |
|
1 |
|a RU
|b 63413507
|c 20080423
|g PSBO
|
| 801 |
|
2 |
|a RU
|b 63413507
|c 20130507
|g PSBO
|
| 942 |
|
|
|c BK
|
| 959 |
|
|
|a 46/20080422
|d 1
|e 293,70
|f ЧЗГЛ:1
|